[Event "2000+ Tournament"]
[Site "SchemingMind.com"]
[Date "2006.09.23"]
[Round "-"]
[White "Chess Tiger"]
[Black "heuschrecke"]
[Result "0-1"]
[WhiteCountry "GER"]
[BlackCountry "GER"]
[WhiteElo "2346"]
[WhiteRD "65"]
[BlackElo "2344"]
[BlackRD "80"]
[GameID "68674"]

1. e4 c5 2. Nf3 Nc6 3. d4 cxd4 4. Nxd4 Nf6 5. Nc3 e5 6. Ndb5 d6 7. Bg5 a6 8. Na3 b5 9. Bxf6 gxf6 10. Nd5 f5
11. Bd3 Be6 12. O-O Bxd5 13. exd5 Ne7 14. Nxb5 Bg7 15. Nc3 e4 16. Bc4 Ng6 17. Qh5 Bxc3 18. bxc3 Qf6 19. Qh6 Qxc3 20. Bb3 Ke7
21. Rae1 Rhg8 22. Kh1 Qf6 23. f3 Nh4 24. Qxf6+ Kxf6 25. fxe4 Rxg2 26. Rxf5+ Nxf5 27. Kxg2 Nh4+ 28. Kg3 Ng6 29. Rf1+ Ke7 30. Rf5 a5
31. a4 Ne5 32. Rh5 Rc8 33. Rxh7 Rc3+ 34. Kg2 Re3 35. Rh8 Rxe4 36. h4 f5 37. Rh7+ Nf7 38. Kf2 Kf6 39. h5 f4 40. c3 Re3
41. Bc2 Rxc3 42. Bg6 Ne5 43. Rh8 Ra3
0-1

[Event "2000+ Tournament"]
[Site "SchemingMind.com"]
[Date "2006.09.23"]
[Round "-"]
[White "heuschrecke"]
[Black "Chess Tiger"]
[Result "1/2-1/2"]
[WhiteCountry "GER"]
[BlackCountry "GER"]
[WhiteElo "2236"]
[WhiteRD "83"]
[BlackElo "2311"]
[BlackRD "70"]
[GameID "68676"]

1. d4 d5 2. c4 e6 3. Nf3 Nf6 4. Nc3 c6 5. Bg5 dxc4 6. e4 b5 7. e5 h6 8. Bh4 g5 9. Nxg5 hxg5 10. Bxg5 Nbd7
11. exf6 Bb7 12. g3 c5 13. d5 Nxf6 14. Bg2 Be7 15. O-O Nxd5 16. Bxe7 Kxe7 17. Nxb5 Qb6 18. Na3 c3 19. Nc4 Qc7 20. b3 Rag8
21. Re1 Rg5 22. Qf3 Rgh5 23. h4 Rxh4 24. gxh4 Rg8 25. Ne5 Nf6 26. Qxc3 Bxg2 27. Kh2 Bd5 28. f3 Nd7 29. Kh3 f6 30. Ng4 Qf4
31. Qe3 Qf5 32. Rf1 Ne5 33. Qxc5+ Kf7 34. Qxa7+ Kg6 35. Qe3 Kf7 36. Qa7+=
1/2-1/2

[Event "2000+ Tournament"]
[Site "SchemingMind.com"]
[Date "2006.10.09"]
[Round "-"]
[White "Jose Luis Fonseca Gonzalez"]
[Black "Chess Tiger"]
[Result "0-1"]
[WhiteCountry "NCA"]
[BlackCountry "GER"]
[WhiteElo "2154"]
[WhiteRD "96"]
[BlackElo "2360"]
[BlackRD "64"]
[GameID "70577"]

1. c4 e5 2. Nc3 Nf6 3. Nf3 Nc6 4. g3 Bb4 5. Bg2 O-O 6. O-O e4 7. Ng5 Bxc3 8. bxc3 Re8 9. f3 e3 10. d4 d6
11. Qd3 Qe7 12. Rb1 Rb8 13. f4 g6 14. Bxc6 Bf5 15. Bxe8 Bxd3 16. Bxf7+ Qxf7 17. exd3 Qd7 18. Bxe3 Qf5 19. Rbd1 b5 20. d5 bxc4
21. dxc4= Rb2 22. Bxa7 Qc2 23. Bf2 h6 24. Nf3 Ne4 25. a4 Nxf2 26. Rd2 Nh3+ 27. Kg2 Qxc3 28. Rxb2 Qxb2+ 29. Kxh3 Qe2 30. Ra1 Qxf3
31. a5 Qc3
0-1

[Event "2000+ Tournament"]
[Site "SchemingMind.com"]
[Date "2006.10.09"]
[Round "-"]
[White "Jose Luis Fonseca Gonzalez"]
[Black "heuschrecke"]
[Result "0-1"]
[WhiteCountry "NCA"]
[BlackCountry "GER"]
[WhiteElo "2073"]
[WhiteRD "87"]
[BlackElo "2414"]
[BlackRD "85"]
[GameID "70579"]

1. c4 e5 2. Nc3 Nf6 3. Nf3 Nc6 4. g3 Bb4 5. Bg2 O-O 6. O-O e4 7. Ng5 Bxc3 8. bxc3 Re8 9. f3 e3 10. d4 Na5
11. Qd3 b6 12. c5 Bb7 13. Bxe3 Qe7 14. Bf4 Qxe2 15. Qxe2 Rxe2 16. Bxc7 Nd5 17. Bd6 Nc4 18. Rf2 Rxf2 19. Kxf2 Nxd6 20. cxd6 Nxc3
21. Ne4 Rc8 22. Nxc3 Rxc3 23. Re1 Rc2+ 24. Re2 Rxe2+ 25. Kxe2 f5 26. Bh3 g6 27. g4 f4 28. g5 Bc6 29. Kd3 Kf7 30. Kc4 Bxf3
31. Bxd7 Bg2 32. Kd3 Bd5 33. a4 Be6 34. Bb5 Bd5 35. Bd7 a6 36. h4 Be6 37. Bc6 Bf5+ 38. Kc3 Ke6 39. Bb7 Kxd6 40. Bxa6 Bh3
41. Bb7 Bd7 42. Ba6 Bxa4 43. Bc4 f3 44. Kd2 b5 45. Bd3 b4
0-1

[Event "2000+ Tournament"]
[Site "SchemingMind.com"]
[Date "2006.10.09"]
[Round "-"]
[White "Chess Tiger"]
[Black "Jose Luis Fonseca Gonzalez"]
[Result "1-0"]
[WhiteCountry "GER"]
[BlackCountry "NCA"]
[WhiteElo "2360"]
[WhiteRD "64"]
[BlackElo "2154"]
[BlackRD "96"]
[GameID "70580"]

1. e4 c5 2. Nf3 d6 3. d4 cxd4 4. Nxd4 Nf6 5. Nc3 g6 6. Be3 Bg7 7. f3 Nc6 8. Qd2 O-O 9. O-O-O Qa5 10. Kb1 Bd7
11. Nb3 Qd8 12. h4 a5 13. Na4 Be6 14. Bb5 Na7 15. Bxa7 Rxa7 16. Nd4 Bc8 17. g4 h5 18. Qf2 hxg4 19. h5 Nxh5 20. Nf5 gxf5
21. Rxh5 b6 22. Rdh1 f6 23. exf5 e6 24. Qh4 Kf7 25. Rh7 Rg8 26. fxg4
1-0

[Event "2000+ Tournament"]
[Site "SchemingMind.com"]
[Date "2006.10.09"]
[Round "-"]
[White "heuschrecke"]
[Black "Jose Luis Fonseca Gonzalez"]
[Result "1-0"]
[WhiteCountry "GER"]
[BlackCountry "NCA"]
[WhiteElo "2328"]
[WhiteRD "75"]
[BlackElo "2189"]
[BlackRD "113"]
[GameID "70582"]

1. e4 c5 2. Nf3 d6 3. d4 cxd4 4. Nxd4 Nf6 5. Nc3 g6 6. f3 Bg7 7. Be3 Nc6 8. Qd2 O-O 9. O-O-O Nxd4 10. Bxd4 Be6
11. Kb1 Qc7 12. h4 Rfc8 13. h5 Nxh5 14. Bxg7 Nxg7 15. Qh6 Nh5 16. g4 Nf6 17. e5 dxe5 18. g5 Nh5 19. Rxh5 gxh5 20. Bd3 e4
21. Nxe4 f6 22. gxf6 exf6 23. Rg1+ Bg4 24. fxg4 Qg7 25. Qxh5 Rc6 26. Qd5+ Kh8 27. Rh1 Rc7 28. g5 Qd7 29. Nd6
1-0

[Event "2000+ Tournament"]
[Site "SchemingMind.com"]
[Date "2006.10.15"]
[Round "-"]
[White "Apocalypse"]
[Black "Chess Tiger"]
[Result "0-1"]
[WhiteCountry "USA"]
[BlackCountry "GER"]
[WhiteElo "1863"]
[WhiteRD "66"]
[BlackElo "2359"]
[BlackRD "68"]
[GameID "71413"]

1. e4 e5 2. d4 exd4 3. c3 Qe7 4. cxd4 Qxe4+ 5. Be2 Bb4+ 6. Nc3 Qxg2 7. Bf3 Qg6 8. Bf4 Ne7 9. Ne2 O-O 10. Rg1 Qb6
11. Qb3 c6 12. O-O-O Ng6 13. Na4 Qa5
0-1

[Event "2000+ Tournament"]
[Site "SchemingMind.com"]
[Date "2006.10.15"]
[Round "-"]
[White "Apocalypse"]
[Black "heuschrecke"]
[Result "0-1"]
[WhiteCountry "USA"]
[BlackCountry "GER"]
[WhiteElo "1863"]
[WhiteRD "66"]
[BlackElo "2328"]
[BlackRD "75"]
[GameID "71416"]

1. e4 c5 2. Nf3 d6 3. Bb5+ Bd7 4. Bxd7+ Qxd7 5. c4 Nc6 6. d4 cxd4 7. Nxd4 Nf6 8. Nc3 g6 9. f3 Bg7 10. Nde2 O-O
11. O-O a6 12. a4 Qd8 13. Be3 Nd7 14. Rb1 Qa5 15. Qd2 Qb4
0-1

[Event "2000+ Tournament"]
[Site "SchemingMind.com"]
[Date "2006.10.15"]
[Round "-"]
[White "Chess Tiger"]
[Black "Apocalypse"]
[Result "1-0"]
[WhiteCountry "GER"]
[BlackCountry "USA"]
[WhiteElo "2359"]
[WhiteRD "68"]
[BlackElo "1863"]
[BlackRD "66"]
[GameID "71417"]

1. e4 c5 2. Nf3 e6 3. d4 cxd4 4. Nxd4 Nf6 5. Nc3 Nc6 6. Ndb5 d6 7. Bf4 e5 8. Bg5 a6 9. Na3 b5 10. Bxf6 gxf6
11. Nd5 Bg7 12. Bd3 Be6 13. O-O
1-0

[Event "2000+ Tournament"]
[Site "SchemingMind.com"]
[Date "2006.10.15"]
[Round "-"]
[White "heuschrecke"]
[Black "Apocalypse"]
[Result "1-0"]
[WhiteCountry "GER"]
[BlackCountry "USA"]
[WhiteElo "2328"]
[WhiteRD "75"]
[BlackElo "1863"]
[BlackRD "66"]
[GameID "71420"]

1. d4 Nf6 2. c4 e6 3. Nc3 Bb4 4. f3 d5 5. a3 Bxc3+ 6. bxc3 c5 7. cxd5 Nxd5 8. dxc5 Qa5 9. e4 Ne7 10. Be3 O-O
11. Qb3 Qc7 12. Bb5 Nec6 13. Ne2 Na5 14. Qa4 e5 15. Rb1
1-0

[Event "2000+ Tournament"]
[Site "SchemingMind.com"]
[Date "2006.10.24"]
[Round "-"]
[White "mateintwenty"]
[Black "Chess Tiger"]
[Result "0-1"]
[WhiteCountry "UGA"]
[BlackCountry "GER"]
[WhiteElo "1878"]
[WhiteRD "101"]
[BlackElo "2360"]
[BlackRD "64"]
[GameID "72652"]

1. e4 c5 2. c3 Nf6 3. e5 Nd5 4. d4 cxd4 5. cxd4 d6 6. Nf3 Nc6 7. a3 Bg4 8. Be2 e6 9. Nbd2 Nf4 10. O-O Nxe2+
11. Qxe2 Nxd4 12. Qe4 Bxf3 13. Nxf3 Nxf3+ 14. Qxf3 dxe5 15. Qxb7 Qd5 16. Qa6 Bc5 17. Bd2 O-O 18. Bc3 Bd4 19. Rad1 Rfd8 20. Kh1 Qb3
0-1

[Event "2000+ Tournament"]
[Site "SchemingMind.com"]
[Date "2006.10.24"]
[Round "-"]
[White "mateintwenty"]
[Black "Jose Luis Fonseca Gonzalez"]
[Result "0-1"]
[WhiteCountry "UGA"]
[BlackCountry "NCA"]
[WhiteElo "1878"]
[WhiteRD "101"]
[BlackElo "2154"]
[BlackRD "96"]
[GameID "72654"]

1. e4 c5 2. c3 Nf6 3. e5 Nd5 4. d4 cxd4 5. cxd4 Nc6 6. Nf3 d6 7. Bc4 Nb6 8. Bb3 dxe5 9. d5 Na5 10. Nxe5 Nxb3
11. Qxb3 Qxd5 12. Qxd5 Nxd5 13. O-O f6 14. Nc4 e5 15. Nbd2 Bf5 16. Re1 Rd8 17. Nxe5 fxe5
0-1

[Event "2000+ Tournament"]
[Site "SchemingMind.com"]
[Date "2006.10.24"]
[Round "-"]
[White "mateintwenty"]
[Black "heuschrecke"]
[Result "0-1"]
[WhiteCountry "UGA"]
[BlackCountry "GER"]
[WhiteElo "1847"]
[WhiteRD "96"]
[BlackElo "2285"]
[BlackRD "76"]
[GameID "72655"]

1. e4 e5 2. Nf3 Nc6 3. Bc4 Nf6 4. Ng5 d5 5. exd5 Na5 6. Qe2 Nxc4 7. Qxc4 Qxd5 8. Qxd5 Nxd5 9. c3 Nf4 10. O-O Be7
11. Ne4 f5 12. Ng3 Nd3 13. Na3 Bd7 14. Nc2 f4 15. Ne4 Bc6 16. f3 Bxe4 17. fxe4 Bc5+ 18. Kh1 O-O-O 19. b4 Bb6 20. c4 c5
21. b5 Ba5 22. Ba3 Bxd2 23. Rf3 g5 24. Rd1 g4 25. Rff1 Be3 26. Rb1 Rd6 27. Bb2 Rhd8 28. Ba1 g3 29. hxg3 Rh6#
0-1

[Event "2000+ Tournament"]
[Site "SchemingMind.com"]
[Date "2006.10.24"]
[Round "-"]
[White "Chess Tiger"]
[Black "mateintwenty"]
[Result "1-0"]
[WhiteCountry "GER"]
[BlackCountry "UGA"]
[WhiteElo "2359"]
[WhiteRD "68"]
[BlackElo "1892"]
[BlackRD "94"]
[GameID "72657"]

1. e4 e5 2. Nf3 Nc6 3. Bb5 a6 4. Ba4 Nf6 5. O-O Be7 6. Re1 d6 7. c3 b5 8. Bb3 Na5 9. Bc2 c5 10. d4 Qc7
11. Nbd2 O-O 12. h3 Bd7 13. Nf1 Rac8 14. Ne3 cxd4 15. cxd4 Nc6 16. d5 Nb4 17. Bb1 a5 18. a3 Na6 19. b4 axb4 20. axb4 Nxb4
21. Bd2
1-0

[Event "2000+ Tournament"]
[Site "SchemingMind.com"]
[Date "2006.10.24"]
[Round "-"]
[White "Jose Luis Fonseca Gonzalez"]
[Black "mateintwenty"]
[Result "1-0"]
[WhiteCountry "NCA"]
[BlackCountry "UGA"]
[WhiteElo "2189"]
[WhiteRD "113"]
[BlackElo "1892"]
[BlackRD "94"]
[GameID "72659"]

1. c4 Nf6 2. Nc3 g6 3. e4 d6 4. d4 Bg7 5. Be2 O-O 6. Nf3 c5 7. O-O a6 8. dxc5 dxc5 9. Be3 Qc7 10. e5 Ng4
11. Nd5 Qd8 12. Bxc5 Nc6 13. Qb3 Re8 14. Bb6
1-0

[Event "2000+ Tournament"]
[Site "SchemingMind.com"]
[Date "2006.10.24"]
[Round "-"]
[White "heuschrecke"]
[Black "mateintwenty"]
[Result "1-0"]
[WhiteCountry "GER"]
[BlackCountry "UGA"]
[WhiteElo "2285"]
[WhiteRD "76"]
[BlackElo "1847"]
[BlackRD "96"]
[GameID "72660"]

1. d4 d5 2. c4 dxc4 3. e4 e6 4. Bxc4 c5 5. d5 exd5 6. Bxd5 Nf6 7. Bxf7+ Ke7 8. Qxd8+ Kxd8 9. Nc3 Bd6 10. Nf3 Nc6
11. Bg5 Ne5 12. Nxe5 Bxe5 13. O-O-O+ Ke7 14. Bb3 Be6 15. Nd5+ Kf7 16. f4 Bd4 17. f5 Bxd5 18. exd5 Rhe8 19. d6+ Kf8 20. Be6 h6
21. Bxf6 gxf6 22. b4 b6 23. d7 Red8 24. Kc2 Ke7 25. Rhe1 Rab8 26. b5 Rxd7 27. Bxd7+ Kxd7 28. Re6 Rg8 29. g3 Rg5 30. Rxf6
1-0

[Event "2000+ Tournament"]
[Site "SchemingMind.com"]
[Date "2006.10.25"]
[Round "-"]
[White "Estebandido"]
[Black "Apocalypse"]
[Result "1-0"]
[WhiteCountry "CHI"]
[BlackCountry "USA"]
[WhiteElo "2022"]
[WhiteRD "93"]
[BlackElo "1863"]
[BlackRD "66"]
[GameID "72751"]

1. e4 c5 2. Nf3 e6 3. d4 cxd4 4. Nxd4 Nc6 5. Nc3 a6 6. Be2 Qc7 7. O-O Nf6 8. Be3 Be7 9. f4 d6 10. Bf3 O-O
11. Nxc6 bxc6 12. g3 e5 13. fxe5
1-0

[Event "2000+ Tournament"]
[Site "SchemingMind.com"]
[Date "2006.10.25"]
[Round "-"]
[White "Estebandido"]
[Black "Chess Tiger"]
[Result "0-1"]
[WhiteCountry "CHI"]
[BlackCountry "GER"]
[WhiteElo "2088"]
[WhiteRD "94"]
[BlackElo "2358"]
[BlackRD "66"]
[GameID "72752"]

1. e4 c5 2. Nf3 Nc6 3. d4 cxd4 4. Nxd4 Nf6 5. Nc3 e5 6. Nb3 Bb4 7. Bc4 O-O 8. Qd3 d5 9. Bxd5 Nxd5 10. exd5 Ne7
11. O-O Bf5 12. Qc4 Bxc3 13. Qxc3 Qxd5 14. f4 exf4 15. Bxf4 Rac8 16. Qd4 Bxc2 17. Be3 b6 18. Rae1 Bxb3 19. axb3 Qxd4 20. Bxd4 Nd5
21. Re5 Rfd8 22. Rff5 Rc1+ 23. Kf2 Nb4 24. Re4 f6 25. Rf3 Rd1 26. Bc3 Nd5 27. Re1 Nxc3 28. bxc3 R8d2+ 29. Re2 Rxe2+ 30. Kxe2 Rb1
31. b4 Rb2+ 32. Kf1 Kf7 33. Rd3 Ke6 34. Re3+ Kd6 35. h3 a5
0-1

[Event "2000+ Tournament"]
[Site "SchemingMind.com"]
[Date "2006.10.25"]
[Round "-"]
[White "Estebandido"]
[Black "Jose Luis Fonseca Gonzalez"]
[Result "1-0"]
[WhiteCountry "CHI"]
[BlackCountry "NCA"]
[WhiteElo "2108"]
[WhiteRD "92"]
[BlackElo "2142"]
[BlackRD "113"]
[GameID "72754"]

1. e4 c5 2. Nf3 d6 3. d4 cxd4 4. Nxd4 Nf6 5. Nc3 a6 6. Be3 e5 7. Nb3 Be7 8. Bc4 Be6 9. Bxe6 fxe6 10. g4 h6
11. Qe2 b5 12. O-O-O b4 13. Na4 Nbd7 14. h4 Nxe4 15. Qd3 d5 16. f3 Nef6 17. g5 e4 18. Qf1 Nh5 19. gxh6 gxh6= 20. Qg2 Ne5=
21. fxe4 Nf6 22. exd5 Nxd5 23. Nb6 Nxe3 24. Rxd8+ Rxd8 25. Qg7 Nf7 26. Qg6 Rd6 27. Nc8 Rc6 28. Nd4 Rxc8 29. Qxe6 Rc5 30. Qxe3 Rg8
31. Qe6 Re5 32. Qc6+ Kf8 33. Ne6+ Rxe6 34. Qxe6
1-0

[Event "2000+ Tournament"]
[Site "SchemingMind.com"]
[Date "2006.10.25"]
[Round "-"]
[White "Estebandido"]
[Black "mateintwenty"]
[Result "1-0"]
[WhiteCountry "CHI"]
[BlackCountry "UGA"]
[WhiteElo "2022"]
[WhiteRD "93"]
[BlackElo "1892"]
[BlackRD "94"]
[GameID "72755"]

1. e4 e5 2. Nf3 Nc6 3. Bb5 Nf6 4. O-O a6 5. Ba4 Be7 6. Re1 b5 7. Bb3 O-O 8. a4 b4 9. d4 d6 10. dxe5 Nxe5
11. Nxe5 dxe5 12. Bg5 Bb7 13. Nd2 Qd4 14. Nc4 h6 15. Qxd4 exd4 16. Bxf6 Bxf6 17. Na5 Rab8 18. e5 Bg5 19. e6 fxe6 20. Rxe6 Kh8
21. Nxb7 Rxb7 22. Rxa6 Rb6 23. Rxb6 cxb6 24. Rd1 Re8 25. Kf1 Rf8 26. Ke2 Bh4 27. g3 Be7 28. f4 g5 29. fxg5 hxg5 30. Rxd4 Bc5
31. Rg4 Rf2+ 32. Kd3 Rxh2 33. Rxg5 Kh7 34. a5 Kh6 35. Rg8 bxa5 36. Rh8+
1-0

[Event "2000+ Tournament"]
[Site "SchemingMind.com"]
[Date "2006.10.25"]
[Round "-"]
[White "Estebandido"]
[Black "heuschrecke"]
[Result "0-1"]
[WhiteCountry "CHI"]
[BlackCountry "GER"]
[WhiteElo "1907"]
[WhiteRD "100"]
[BlackElo "2236"]
[BlackRD "83"]
[GameID "72756"]

1. e4 c5 2. Nf3 d6 3. d4 cxd4 4. Nxd4 a6 5. Nc3 Nf6 6. Be3 e5 7. Nb3 Be7 8. f3 Be6 9. Qd2 O-O 10. O-O-O b5
11. g4 Nbd7 12. g5 Nh5 13. Nd5 Bxd5 14. exd5 f5 15. gxf6 Rxf6 16. Na5 Nf4 17. Nc6 Qf8 18. Kb1 Bd8 19. Nxd8 Qxd8 20. c4 Rb8
21. cxb5 axb5 22. Qb4 Nb6 23. Bxb5 Rf7 24. Qe4 Nd7 25. Bc6 Qa5 26. Rhg1 Ne2 27. Qc4 Nc3+ 28. Kc2 Nxd1 29. Rxd1 Nb6 30. Qb5 Qa7
31. Rd3 Rxf3 32. Ra3 Qf7 33. Rb3 Rh3 34. Qe2 Qg6+ 35. Kd2 Nc4+ 36. Qxc4 Rxh2+ 37. Kd1 Qb1+ 38. Bc1 Rf8
0-1

[Event "2000+ Tournament"]
[Site "SchemingMind.com"]
[Date "2006.10.25"]
[Round "-"]
[White "Apocalypse"]
[Black "Estebandido"]
[Result "0-1"]
[WhiteCountry "USA"]
[BlackCountry "CHI"]
[WhiteElo "1863"]
[WhiteRD "66"]
[BlackElo "2022"]
[BlackRD "93"]
[GameID "72757"]

1. e4 c5 2. Nf3 e6 3. Nc3 Nc6 4. d4 cxd4 5. Nxd4 Qc7 6. Be3 a6 7. Qd2 Nxd4 8. Bxd4 Ne7 9. O-O-O Nc6 10. Be3 Be7
11. Kb1 O-O 12. h4 b5
0-1

[Event "2000+ Tournament"]
[Site "SchemingMind.com"]
[Date "2006.10.25"]
[Round "-"]
[White "Chess Tiger"]
[Black "Estebandido"]
[Result "1-0"]
[WhiteCountry "GER"]
[BlackCountry "CHI"]
[WhiteElo "2358"]
[WhiteRD "66"]
[BlackElo "2088"]
[BlackRD "94"]
[GameID "72758"]

1. e4 c5 2. Nf3 d6 3. d4 cxd4 4. Nxd4 Nf6 5. Nc3 a6 6. Be3 e5 7. Nb3 Be6 8. f3 Be7 9. Qd2 O-O 10. O-O-O Nbd7
11. g4 b5 12. g5 b4 13. Ne2 Ne8 14. f4 a5 15. f5 a4 16. Nbd4 exd4 17. Nxd4 b3 18. Kb1 bxc2+ 19. Nxc2 Bb3 20. axb3 axb3
21. Na3 Ne5 22. h4 Ra5 23. Qb4 Qa8 24. Bb6 Ra4 25. Qxb3 Qxe4+ 26. Nc2 Ra8 27. Qd5 Qxd5 28. Rxd5 Rb8 29. Ba5 f6 30. Nd4 fxg5
31. Rxe5 dxe5 32. Nc6 Bd6 33. Nxb8 Bxb8 34. Bc4+ Kh8 35. hxg5 Rxf5 36. Rd1
1-0

[Event "2000+ Tournament"]
[Site "SchemingMind.com"]
[Date "2006.10.25"]
[Round "-"]
[White "Jose Luis Fonseca Gonzalez"]
[Black "Estebandido"]
[Result "1/2-1/2"]
[WhiteCountry "NCA"]
[BlackCountry "CHI"]
[WhiteElo "2064"]
[WhiteRD "94"]
[BlackElo "2046"]
[BlackRD "90"]
[GameID "72760"]

1. c4 e5 2. Nc3 Nf6 3. Nf3 Nc6 4. d4 exd4 5. Nxd4 Bb4 6. Bg5 h6 7. Nxc6= bxc6 8. Bh4 d6 9. Qa4 Bxc3+ 10. bxc3 Bd7
11. c5 O-O 12. e3 Re8 13. Qd4 g5 14. Bg3 Re4 15. Qd2 d5 16. Rb1 Re8 17. Bd3 Ne4 18. Bxe4 dxe4 19. Rb4 Bg4 20. Qc2 Qd5
21. O-O Qxc5 22. Rxe4 Bf5 23. Rxe8+ Rxe8 24. Qb2 Qb5 25. Qa3 Qb6 26. Rd1 Bc2 27. Rc1 Be4 28. c4 c5 29. f3 Bg6 30. e4 f5
31. exf5 Bxf5 32. Bf2 Re2 33. Rd1 a5 34. Bxc5 Qb2 35. Rd8+ Kh7 36. Qxb2 Rxb2 37. a3 Be6 38. Re8 Bxc4 39. Bd4 Rb1+ 40. Kf2 Rd1
41. Bc3 Rd3= 42. Re3 a4 43. Bb4=
1/2-1/2

[Event "2000+ Tournament"]
[Site "SchemingMind.com"]
[Date "2006.10.25"]
[Round "-"]
[White "mateintwenty"]
[Black "Estebandido"]
[Result "0-1"]
[WhiteCountry "UGA"]
[BlackCountry "CHI"]
[WhiteElo "1847"]
[WhiteRD "96"]
[BlackElo "1941"]
[BlackRD "96"]
[GameID "72761"]

1. e4 c5 2. c3 Nf6 3. e5 Nd5 4. d4 cxd4 5. cxd4 d6 6. Nf3 Nc6 7. a3 Bg4 8. Be2 e6 9. Nbd2 Be7 10. O-O O-O
11. Re1 dxe5 12. dxe5 Nf4 13. h3 Nxe2+ 14. Qxe2 Bh5 15. b4 Nxe5 16. Qxe5 Bxf3 17. Qg3 Bf6 18. Rb1 Bd5 19. Nf3 Ba2 20. Rb2 Bxb2
21. Bxb2 f6 22. Re4 e5 23. Rg4 Rf7 24. Nh4 Be6 25. Re4 Qd1+ 26. Kh2 Qc2
0-1

[Event "2000+ Tournament"]
[Site "SchemingMind.com"]
[Date "2006.10.25"]
[Round "-"]
[White "heuschrecke"]
[Black "Estebandido"]
[Result "1-0"]
[WhiteCountry "GER"]
[BlackCountry "CHI"]
[WhiteElo "2236"]
[WhiteRD "83"]
[BlackElo "1907"]
[BlackRD "100"]
[GameID "72762"]

1. e4 c5 2. Nf3 e6 3. d4 cxd4 4. Nxd4 Nc6 5. Nc3 Qc7 6. Be2 a6 7. Be3 Nf6 8. O-O Bb4 9. Nxc6 bxc6 10. f4 d5
11. e5 Bxc3 12. bxc3 Nd7 13. c4 O-O 14. cxd5 cxd5 15. c4 Bb7 16. Rc1 Qa5 17. Qd2 Qxd2 18. Bxd2 Rfc8 19. Be3 f6 20. exf6 Nxf6
21. c5 Bc6 22. Rfe1 a5 23. Rb1 Kf7 24. Bd4 a4 25. Rb6 Ra5 26. Ba6 Rc7 27. Be5 Ra7 28. Bd3 Rxc5 29. Bd4 Raa5 30. Kf2 Nd7
31. Bxc5 Rxc5 32. Ra6 g6 33. Ra7 Kf6 34. Ke3 e5 35. fxe5+ Kxe5 36. Kd2+ Kd4 37. Re6 Ne5 38. Rxh7 g5 39. Rc7 Rc3 40. Bb5 Ra3
41. Bxc6 Rxa2+ 42. Kd1 Rxg2 43. Bxa4 Rxh2 44. Rg7 Rh1+ 45. Ke2 Nd3 46. Re8 Re1+ 47. Kd2 Rg1 48. Ke2 Re1+ 49. Kf3 Rg1 50. Bc2 Ne5+
51. Kf2 Rg4 52. Rf8 Kc3 53. Rf5 Nc4 54. Bd1 Rd4 55. Be2 Kd2 56. Bf3 Ne3 57. Re5 Rd3 58. Rexg5 d4 59. Rd7 Nd1+ 60. Bxd1 Kxd1
61. Rg1+ Kc2 62. Rc7+ Kd2 63. Rcc1
1-0

[Event "2000+ Tournament"]
[Site "SchemingMind.com"]
[Date "2006.10.25"]
[Round "-"]
[White "saxon"]
[Black "Chess Tiger"]
[Result "1/2-1/2"]
[WhiteCountry "GER"]
[BlackCountry "GER"]
[WhiteElo "2335"]
[WhiteRD "96"]
[BlackElo "2304"]
[BlackRD "66"]
[GameID "72798"]

1. d4 d5 2. c4 e6 3. Nc3 Nf6 4. Bg5 Be7 5. cxd5 exd5 6. e3 c6 7. Qc2 Nbd7 8. Bd3 Nh5 9. Bxe7 Qxe7 10. Nge2 g6
11. O-O-O Nb6 12. Kb1 Ng7 13. Ng3 Bd7 14. Rc1 h5 15. Rhe1 h4 16. e4 dxe4 17. Ngxe4 Be6 18. Nc5 O-O-O 19. Qe2 Rh5 20. Bxg6 fxg6
21. Nxe6 Nxe6 22. Qxe6+ Qxe6 23. Rxe6 Rg5 24. g3 hxg3 25. hxg3 Rxd4 26. Rce1 Nc4 27. Kc1 Rd6 28. Rxd6 Nxd6 29. Re6 Nc4 30. Ne4 Re5
31. Rxe5 Nxe5 32. Kd2 Kd7 33. f4 Nf7 34. Nc5+ Kc7 35. Ke3 b6 36. Ne4 c5 37. g4=
1/2-1/2

[Event "2000+ Tournament"]
[Site "SchemingMind.com"]
[Date "2006.10.25"]
[Round "-"]
[White "saxon"]
[Black "Jose Luis Fonseca Gonzalez"]
[Result "1-0"]
[WhiteCountry "GER"]
[BlackCountry "NCA"]
[WhiteElo "2335"]
[WhiteRD "96"]
[BlackElo "2073"]
[BlackRD "87"]
[GameID "72800"]

1. e4 c5 2. Nf3 d6 3. d4 cxd4 4. Nxd4 Nf6 5. Nc3 a6 6. f3 e5 7. Nb3 Be6 8. Be3 d5 9. exd5 Nxd5 10. Nxd5 Bxd5
11. c4 Be6 12. Qxd8+ Kxd8 13. Nc5 Bxc5 14. Bxc5 Kc7 15. O-O-O Nd7 16. Bd6+ Kc6 17. b3 Rac8 18. Kb2 Rhe8 19. Be2 Bf5 20. Rd2 b6
21. g4 Bg6 22. Rhd1 f6 23. h4 h5 24. f4 Be4 25. gxh5 Re6 26. c5 Nxc5 27. fxe5 Rce8 28. Bg4 f5 29. Be2 Rh6 30. Rg1 Rh7
31. Rg6 a5 32. Bf8+ Kc7 33. Rxg7+ Rxg7 34. Bxg7 f4 35. h6 Rd8 36. Rxd8 Kxd8 37. Bf3 Bh7 38. Bf6+ Ke8 39. Kc3
1-0

[Event "2000+ Tournament"]
[Site "SchemingMind.com"]
[Date "2006.10.25"]
[Round "-"]
[White "saxon"]
[Black "Estebandido"]
[Result "1-0"]
[WhiteCountry "GER"]
[BlackCountry "CHI"]
[WhiteElo "2336"]
[WhiteRD "97"]
[BlackElo "2088"]
[BlackRD "94"]
[GameID "72801"]

1. d4 Nf6 2. c4 e6 3. Nf3 b6 4. g3 Ba6 5. b3 Bb4+ 6. Bd2 Be7 7. Bg2 c6 8. Bc3 d5 9. Ne5 O-O 10. Nd2 c5
11. O-O cxd4 12. Bxd4 Bb7 13. Rc1 Na6 14. cxd5 Nxd5 15. e3 f6 16. Nc6 Bxc6 17. Rxc6 e5 18. Bb2 Ndb4 19. Rc4 Rc8 20. a3 Nd3
21. Ba1 Qd7 22. b4 Kh8 23. Rxc8 Rxc8 24. Be4 f5 25. Bxd3 Qxd3 26. Nf3 e4 27. Qxd3 exd3 28. Rd1 d2 29. Nxd2 Rd8 30. Kf1 Kg8
31. Ke2 Nc7 32. Rc1 Ne6 33. Rc6 Kf7 34. Nc4 Bf6 35. Bxf6 Kxf6 36. Nd6 Rd7 37. Nb5 Ke5 38. h4 g6 39. f3 Nd8 40. Rc8 Nf7
41. Ra8
1-0

[Event "2000+ Tournament"]
[Site "SchemingMind.com"]
[Date "2006.10.25"]
[Round "-"]
[White "saxon"]
[Black "mateintwenty"]
[Result "1-0"]
[WhiteCountry "GER"]
[BlackCountry "UGA"]
[WhiteElo "2270"]
[WhiteRD "98"]
[BlackElo "1884"]
[BlackRD "98"]
[GameID "72802"]

1. e4 e5 2. Nf3 Nc6 3. Bb5 Nf6 4. O-O a6 5. Bxc6 dxc6 6. Nxe5 Bc5 7. d3 O-O 8. h3 h6 9. Nc3 Qe7 10. Nf3 Be6
11. Qe2 Rad8 12. Be3 Bxe3 13. Qxe3 Rfe8 14. a3 c5 15. Nd2 Qd6 16. e5
1-0

[Event "2000+ Tournament"]
[Site "SchemingMind.com"]
[Date "2006.10.25"]
[Round "-"]
[White "saxon"]
[Black "heuschrecke"]
[Result "1/2-1/2"]
[WhiteCountry "GER"]
[BlackCountry "GER"]
[WhiteElo "2277"]
[WhiteRD "93"]
[BlackElo "2285"]
[BlackRD "76"]
[GameID "72803"]

1. e4 c5 2. Nf3 d6 3. d4 cxd4 4. Nxd4 Nf6 5. Nc3 a6 6. Be3 e5 7. Nb3 Be7 8. f3 Be6 9. Qd2 O-O 10. O-O-O b5
11. g4 Nbd7 12. g5 Nh5 13. Nd5 Bxd5 14. exd5 f5 15. gxf6 Rxf6 16. Na5 Nf4 17. Nc6 Qf8 18. Rg1 Bd8 19. Rg4 Bb6 20. Bxf4 Rxf4
21. Rxf4 exf4 22. Kb1 Be3 23. Qg2 Qf6 24. Bd3 Qh4 25. Bf5 Nb6 26. Qg4=
1/2-1/2